00464cam a22001577a 4500008004000000020001500040082001300055245009300068260003000161300001000191650001900201650002500220650001200245700002300257700002600280180718b2004 xxu||||| |||| 00| 0 eng d a818504080X aQ31 H672 aPerspectives on growth and povertycedited by Rolph van der Hoeven and Anthony Shorrocks aNew DelhibBookwellc2004 a302p. aLiberalization aEconomic development aPoverty aShorrocks, Anthony aHoeven, Rolph van der